000 00619nam a2200241Ia 4500
003 OSt
005 20220918195056.0
006 a|||||r|||| 00| 0
007 ta
008 220917b |||||||| |||| 00| 0 eng d
024 _a83,323
037 _cTextual
040 _aARTS
_cARTS
_beng
041 _2eng
_aeng
082 _aS6, L2
100 _aReed Graham
_988853
245 0 _aPsychology of anomalous experience
_b a cognitive approach
260 _c1972
490 _aHutchinsin university library
650 _aPSYCHOLOGY
942 _hS6, L2
_cTEXL
_2CC
999 _c207038
_d207038